000 00680nam a22002177a 4500
999 _c186400
_d186400
005 20220225143009.0
010 _aENG-131790
020 _a9789388096539
_c181.00
035 _aEN-115322
037 _bDBAD/PUB
082 _a338.04
245 _aEntrtepreneurship Development/
_cM.Thejomoorthy
260 _aHyderabad
_bSevenHills International Publishers
_c2021
270 _bHyderabad
_a#326/C, Level-4, Surneni Nilayam, Near B K Guda Park, S R Nagar
_e500038
300 _a224p.
_c21cm(pbk)
700 _aSreeramulu,R.
700 _aNaidu.B.E.V.L.
700 _aReddy, Y.Bhanu KIran
700 _aShekhar, M.Chandra
942 _2ddc
_cEN
_h338.04
_mENT